The Geneva papers on risk and insurance. Issues and practice
| Título anterior: | Geneva papers on risk and insurance (Online) |
|---|---|
| Autor Corporativo: | |
| Formato: | Electrónico Revista |
| Lenguaje: | inglés francés alemán |
| Publicado: |
Genève :
Association internationale pour l'étude de l'économie de l'assurance,
©1990-
[Place of publication not identified] : Palgrave Macmillan |
| Materias: | |
| Acceso en línea: | Full text available from Research Library: 1990 to 1 year ago |
MARC
| LEADER | 00000nas a2200000 a 4500 | ||
|---|---|---|---|
| 001 | ssj0000432 | ||
| 003 | WaSeSS | ||
| 005 | 20200512172242.0 | ||
| 006 | m d | ||
| 007 | cr n | ||
| 008 | 990519c19909999enkqx pss o 0 a0eng c | ||
| 010 | |a 2007233656 | ||
| 015 | |a GBA876907 |2 bnb | ||
| 016 | 7 | |a 013670237 |2 Uk | |
| 022 | |a 1468-0440 |l 1018-5895 |y 1018-5895 | ||
| 035 | |a (WaSeSS)ssj0000432 | ||
| 040 | |a F#A |b eng |c F#A |d OCLCQ |d OCL |d GUA |d UAT |d OCLCQ |d UKMGB |d OCLCQ |d OCLCO |d EYM |d OCLCF |d EUX |d OCLCO |d VT2 |d OCLCQ |d ZAC |d OCLCQ |d DLC |d NTG |d AU@ |d OCLCQ |d SFB |d WaSeSS | ||
| 041 | 0 | |a eng |a fre |a ger | |
| 042 | |a pcc | ||
| 050 | 0 | 0 | |a HG8054.5 |
| 082 | 0 | 4 | |a 368 |
| 130 | 0 | |a Geneva papers on risk and insurance. |p Issues and practice (Online) | |
| 245 | 1 | 4 | |a The Geneva papers on risk and insurance. |p Issues and practice |h [electronic resource]. |
| 246 | 3 | 0 | |a Issues and practice |
| 246 | 1 | 3 | |a Cahiers de Genève |
| 246 | 1 | 3 | |a Genfer Hefte |
| 260 | |a Genève : |b Association internationale pour l'étude de l'économie de l'assurance, |c ©1990- | ||
| 260 | 3 | |3 <2007-> : |b [Place of publication not identified] : |b Palgrave Macmillan | |
| 310 | |a Four issues per year | ||
| 362 | 1 | |a Began with 15th yr., no. 54 (Jan. 1990). | |
| 500 | |a English, French, and German. | ||
| 500 | |a Published: Palgrave Macmillan, <2007-> | ||
| 506 | |a License restrictions may limit access. | ||
| 538 | |a Mode of access: World Wide Web. | ||
| 588 | |a Description based on: 15th yr., no. 54 (Jan. 1990); title from PDF cover (JSTOR, viewed Nov. 22, 2013). | ||
| 588 | |a Latest issue consulted: Vol. 43, issue 3 (July 2018) (Palgrave Macmillan online, viewed July 27, 2018). | ||
| 650 | 0 | |a Risk (Insurance) |v Periodicals. | |
| 650 | 0 | |a Insurance |v Periodicals. | |
| 650 | 7 | |a Insurance. |2 fast |0 (OCoLC)fst00974532 | |
| 650 | 7 | |a Risk (Insurance) |2 fast |0 (OCoLC)fst01098134 | |
| 655 | 0 | |a Electronic journals. | |
| 710 | 2 | |a International Association for the Study of Insurance Economics. | |
| 776 | 0 | 8 | |i Print version: |t Geneva papers on risk and insurance. Issues and practice |x 1018-5895 |w (DLC) 94648835 |w (OCoLC)23124325 |
| 780 | 0 | 1 | |t Geneva papers on risk and insurance (Online) |w (OCoLC)300647295 |
| 850 | |a DLC | ||
| 856 | 4 | 0 | |z Full text available from Research Library: 1990 to 1 year ago |u https://search.proquest.com/publication/48115 |